Soda drinks - Statistics

General Stats
  • This quiz has been taken 104 times
  • The average score is 5 of 8
Answer Stats
Picture Answer % Correct
Pepsi
98%
Sprite
80%
Fanta
79%
Dr.pepper
70%
Mountain Dew
70%
Crush
54%
Cola
26%
Brisk
8%
No matching quizzes found
Score Distribution
Percent of People with Each Score
Percentile by Number Answered
Your Score History
You have not taken this quiz